Statistics for Halloween Quiz!

Click here to take the quiz!

General Stats

  • This quiz has been taken 95 times
  • The average score is 11 of 15

Answer Stats

QuestionAnswer% Correct
If you see a ghost, who you gonna call?Ghostbusters
99%
What is a Jack'o'lantern made from?Pumpkin
97%
What creature might someone turn into during a full moon?Werewolf
97%
Which might help keep a vampire away from you?Garlic
95%
What animal do vampires commonly transform into?Bats
93%
Find the ogreShrek
93%
What dance would you have done at the spooky disco?Monster Mash
92%
In the film Monsers Inc. what is the name of Sulley's one eyed monster friend?Mike Wazowski
91%
In which modern day country is Dracula's birthplace of TransylvaniaRomania
91%
What's the name of a ghost ship that might warn you of imminent doom at sea?The Flying Dutchman
86%
What do vampire bats feed on?animal blood
63%
In the film franchise Hotel Transylvania what is Dracula's daughter called?Mavis
61%
On which day will Halloween be celebrated this year?Sunday
54%
Find the country where we can see wolves in the wild!France
25%
How many species of bat can we see in the UK?18
11%

Score Distribution

Percentile by Number Answered

Percent of People with Each Score

Your Score History

You have not taken this quiz